| 000 | 01131cab a2200193 4500 | ||
|---|---|---|---|
| 001 | ##L132338 | ||
| 008 | 060130n2006 000 0 eng u | ||
| 035 | _a(Sirsi) u132338 | ||
| 041 | 0 | _aeng | |
| 100 | 1 | _aKlein, Rudi | |
| 245 | 0 | 0 | _aOne-star review |
| 260 | _c2006 | ||
| 490 | 0 |
_aBuilding _v271(8415) 27 January 2006, 63(1) |
|
| 520 | _aArgues that the amendments to the Housing Grants, Construction and Regeneration Act 1996, s110, proposed by the DTI, will not solve the problem of payment abuse in the industry. The amendments provide that a contractual mechanism for payment will only be valid if it requires a statement of what is due in a certificate issued by either the payer or payee, or a third party named in the contract. The DTI is not prepared, however, to take action to outlaw pay-if-paid clauses, or to make provision for stage payments for off-site work, both of which have strong support in the industry. | ||
| 590 | _aIKA310106 | ||
| 650 | 2 | 4 | _aHOUSING GRANTS, CONSTRUCTION AND REGENERATION ACT 1996 |
| 690 | _aBUILT ENVIRONMENT-CONSTRUCTION MANAGEMENT-BUILDING CONTRACT ADMINISTRATION | ||
| 942 | _n0 | ||
| 999 |
_c76404 _d76404 |
||